000 00452nam a2200181Ia 4500
005 20250326124402.0
008 250326s9999 xx 000 0 und d
037 _aTextbook
040 _aFMSL
_beng
_cFMSL
041 _aeng
_2eng
084 _aX:76 L6;1
_qFMSL
100 _aLivesey F
245 0 _aPricing
_cLivesey F
260 _aNY
_bNY, Macmillan
_c1976
300 _a170p
942 _cTB
_hX:76 L6;1
999 _c1273511
_d1273511